Winning In Emerging Markets (Record no. 41717)

MARC details
000 -LEADER
fixed length control field 00294nam a2200121Ia 4500
008 - FIXED-LENGTH DATA ELEMENTS--GENERAL INFORMATION
fixed length control field 241015s9999 xx 000 0 und d
041 ## - LANGUAGE CODE
Language code of text/sound track or separate title eng
082 ## - DEWEY DECIMAL CLASSIFICATION NUMBER
Classification number 658.401 KHA
100 ## - MAIN ENTRY--PERSONAL NAME
Personal name Tarun Khanna
245 ## - TITLE STATEMENT
Title Winning In Emerging Markets
260 ## - PUBLICATION, DISTRIBUTION, ETC.
Name of publisher, distributor, etc. Hbr
Place of publication, distribution, etc. Boston
Date of publication, distribution, etc. 2010
300 ## - PHYSICAL DESCRIPTION
Extent 247;. P, 21 cm

No items available.

Designed & Maintained by: LRC IMT Nagpur Contact: lrc@imtnag.ac.in© 2024. All Rights Reserved.